000 00539nam a2200217Ia 4500
003 OSt
005 20221005131815.0
006 a|||||r|||| 00| 0
007 ta
008 221004b |||||||| |||| 00| 0 eng d
024 _a116781
037 _cTextual
040 _aCRL
_cCRL
_beng
041 _2eng
_aeng
100 _aFull Gurdayal Singh
_9640117
245 0 _aSurjeet singh sethi te Punjabi novel
260 _c1978
650 _aPUNJABI LITERATURE
942 _cTEXL
_2cc
999 _c1061468
_d1061468